Zgadnij piłkarza po zdjęciu level hard - Statystyki

Ogólne statystyki
  • Ten quiz został rozwiązany 105 razy
  • Średni wynik to 5 z 12
Statystyki odpowiedzi
Obrazkowy Odpowiedź % Poprawnych
Quaresma
59%
Aboubakar
57%
Promes
53%
Skipp
53%
Iwobi
52%
Romanczuk
52%
Coentrao
43%
Thiaw
35%
Sarr
33%
Vidal
33%
Dewsbury Hall
30%
Phillips
24%
Nie znaleziono quizów pasujących do podanych kryteriów
Rozkład punktacji
Procent ludzi z każdym wynikiem
Percentyl według liczby udzielonych odpowiedzi
Twoja historia wyników
Nie rozwiązałeś tego quizu